• 首页
  • 本馆介绍
  • 公告通知
  • 最新文献
  • 馆藏检索
  • 电子资源
  • 读者导购
  • 参考咨询
  • 我的图书馆
  • 登录
  • 详细信息显示
  • 放入我的书架
  • 预约/预借图书
  • 作者相关作品
  • 分类相关作品
  • 丛书相关作品
  • 出版社相关作品

书目信息

  • 表格格式
  • 工作单格式
  • 卡片格式
书名: Library Networks,1986-87:Libraries in Partnership
作者: Susan K.Martin.
分册号:
分册名:
出版地: White Plains,NY :
 
出版社: Knowledge Industry Publications Inc
出版时间: 1986.
页数: 251 p. ;
开本: 20cm.
丛书名:
中图分类号:
科图分类号:
其他分类号: G259.13
主题词:
电子资源:
000 00439nam 2200145 a 4500
001 E0738278525
005 20070720085217.71
008 070303s1986 00010 eng
020    @a0-86729-127-3.
040    @aPFT@beng
090    @aG259.13
099    @dG259.13@ex15
245    @aLibrary Networks,1986-87:Libraries in Partnership / @cSusan K.Martin.
260    @aWhite Plains,NY :@bKnowledge Industry Publications Inc,@c1986.
300    @a251 p. ;@c20cm.
    
    Library Networks,1986-87:Libraries in Partnership / / Susan K.Martin.-White Plains,NY : : Knowledge Industry Publications Inc, , 1986.
    251 p. ; ; 20cm.
    
    
    ISBN 0-86729-127-3.
    
●
相关链接 在E读中查询图书 在五车中查询图书 在当当中查询图书 在豆瓣中查询图书


正题名:Library Networks,1986-87:Libraries in Partnership     索取号:G259.13/x15         预约/预借

序号 登录号 条形码 馆藏地/架位号 状态 备注
1 183542   202234741   第四借阅区/ [索取号:G259.13/x15] 在馆    
2 183543   300133674   第四借阅区/ [索取号:G259.13/x15] 在馆    
唐山师范学院图书馆 欢迎您!
大连网信软件有限公司© 版权所有